000 00543nam a2200193 i 4500
001 45636
003 ES-MaACL
005 20250822063117.0
007 t|
008 030326s1968 sp ||||1|bspa d
080 _a929:86 Puig, Julio
100 1 _aColoma PayĆ”, Rafael
_9156348
245 1 0 _aJulio Puig
_b: un poeta liberal /
_cRafael Coloma.
260 _aAlcoy :
_b[s.n.],
_c1968 (
_fImp. La Victoria)
300 _a83 p. ;
_c21 cm.
600 1 4 _aPuig, Julio.
_9156349
852 _aES-MaACL
_jC-35432
999 _c45636
_d45636